000 00456nam a2200145 a 4500
001 000031136
005 20200930062728.0
008 110614s1999 dr 000 0 spa d
040 _aDO-SdBNP
_bspa
_cBNPHU
100 1 _aDíaz, Vianela
_92668
245 1 0 _aPlan de educación con estudiantes : estado, democracia y ciudadanía /
_cVianela Díaz.
260 _aSanto Domingo :
_bParticipación Ciudadana,
_c1999.
300 _a30 p. ;
_c28 cm.
049 _aBNPD
999 _c30628
_d30628